000 00718nam a2200205 i 4500
001 129713
003 ES-MaACL
005 20231229063035.0
007 t|
008 070703s1917 sp |||| | spa d
100 1 _aZorrilla, José,
_d1817-1893
_9118354
245 1 0 _aSancho García
_b: composición trágica en tres actos /
_cpor José de Zorrilla ; publícala Adolfo Bonilla San Martín.
260 _aMadrid :
_b[Fortanet],
_c1917.
300 _a197 p. ;
_c14 cm.
490 1 _aClásicos de la literatura española
700 1 _aBonilla y San Martín, Adolfo,
_d1875-1926
_930193
830 0 _aClásicos de la literatura española
_9183654
852 _aES-MaACL
_jD-5221
999 _c129713
_d129713